logo

Bir Sreshtho Munshi Abdur Rouf Library
Jhenaidah Cadet College

The South Beach diet : (Record no. 1872)

MARC details
000 -LEADER
fixed length control field 01227nam a2200313 a 4500
001 - CONTROL NUMBER
JCCL Control Number 1872
003 - CONTROL NUMBER IDENTIFIER
JCCL marc code BD-JhCC
005 - DATE AND TIME OF LATEST TRANSACTION
control field 20171025185313.0
008 - FIXED-LENGTH DATA ELEMENTS--GENERAL INFORMATION
fixed length control field 021122s2003 pau a 001 0 eng
020 ## - INTERNATIONAL STANDARD BOOK NUMBER
International Standard Book Number 1579546463 (trade hardcover : alk. paper)
035 ## - SYSTEM CONTROL NUMBER
system control number (BD-JhCC)1872
040 ## - CATALOGING SOURCE
Original cataloging agency DLC
Transcribing agency DLC
Modifying agency DLC
041 ## - LANGUAGE CODE
Language code of Book eng
050 00 - LIBRARY OF CONGRESS CALL NUMBER
Classification number RM222.2
Item number .A35 2003b
082 00 - DEWEY DECIMAL CLASSIFICATION NUMBER
Classification number 613.2/5
DDC Edition number 21
Author mark and Year AGA 2003
100 1# - MAIN ENTRY--PERSONAL NAME
Personal name Agatston, Arthur.
245 14 - TITLE STATEMENT
Title The South Beach diet :
Remainder of title the delicious, doctor-designed, foolproof plan for fast and healthy weight loss /
Statement of responsibility, etc Arthur Agatston.
260 ## - PUBLICATION, DISTRIBUTION, ETC. (IMPRINT)
Place of publication, distribution, etc Emmaus, Penn. :
Name of publisher, distributor, etc Rodale ;
-- Distributed to the book trade by St. Martin's Press,
Date of publication, distribution, etc 2003.
300 ## - PHYSICAL DESCRIPTION
Pagination ix, 310 p. ;
Dimensions 24 cm.
500 ## - GENERAL NOTE
General note Previously a hardcover ed. was published by: New York : Random House, 2003.
500 ## - GENERAL NOTE
General note Includes index.
650 #0 - SUBJECT ADDED ENTRY--TOPICAL TERM
Topical term or geographic name as entry element Reducing diets.
650 #0 - SUBJECT ADDED ENTRY--TOPICAL TERM
Topical term or geographic name as entry element Glycemic index.
856 42 - ELECTRONIC LOCATION AND ACCESS
Materials specified Contributor biographical information
Uniform Resource Identifier http://www.loc.gov/catdir/bios/hol052/2002154529.html
856 42 - ELECTRONIC LOCATION AND ACCESS
Materials specified Publisher description
Uniform Resource Identifier http://www.loc.gov/catdir/description/hol052/2002154529.html
856 41 - ELECTRONIC LOCATION AND ACCESS
Materials specified Table of contents
Uniform Resource Identifier http://www.loc.gov/catdir/toc/fy036/2002154529.html
942 ## - ADDED ENTRY ELEMENTS (KOHA)
Source of classification or shelving scheme Dewey Decimal Classification
Koha item type Books
Holdings
Source of classification or shelving scheme Damaged status Not for loan Home library Current library Shelving location Date of accession Total Checkouts Full call number Barcode Date last seen Copy number Koha item type
Dewey Decimal Classification     JCC Rouf Library JCC Rouf Library General Stacks 10/25/2017   613.2/5 AGA 2003 2657 10/25/2017 C-1 Books
Dewey Decimal Classification     JCC Rouf Library JCC Rouf Library General Stacks 10/25/2017   613.2/5 AGA 2003 2656 10/25/2017 C-2 Books
Dewey Decimal Classification     JCC Rouf Library JCC Rouf Library General Stacks 10/25/2017   613.2/5 AGA 2003 3371 10/25/2017 C-3 Books

JCC Library | Contacts | JCC Home

Last Update on 23 September 2017
Copyright @ 2017-2020 JCC Rouf Library
Rouf Library, Jhenidah Cadet College (JCC), Bangladesh